[Event "American Continental 16th"]
[Site "San Salvador"]
[Date "2022.05.07"]
[Round "8"]
[White "Ibarra, Alex"]
[Black "Hernandez Jimenez, Alexander Andres"]
[Result "0-1"]
[WhiteElo "1439"]
[BlackElo "2137"]
[PlyCount "138"]
[EventDate "2022.05.02"]
[EventType "swiss"]
[EventRounds "11"]
[EventCountry "ESA"]
[SourceTitle "CBM 208 Extra"]
[Source "ChessBase"]
[SourceDate "2022.07.31"]
[SourceVersion "1"]
[SourceVersionDate "2022.07.31"]
[SourceQuality "1"]

1. d4 Nf6 2. e3 b6 3. f4 Bb7 4. Nf3 c5 5. Bd3 e6 6. 0-0 Be7 7. Ne5 0-0 8. Nd2 d6 9. Ng4 Nxg4 10. Qxg4 f5 11. Qh5 Nd7 12. c3 Nf6 13. Qe2 Ne4 14. Nxe4 fxe4 15. Bc4 d5 16. Bb3 a5 17. Bd2 a4 18. Bd1 Ba6 19. Qg4 Bxf1 20. Qxe6+ Kh8 21. Kxf1 Rf6 22. Qe5 Qd7 23. g4 Re6 24. Qh5 Rh6 25. Qe5 Bf6 26. Qf5 Qxf5 27. gxf5 Rxh2 28. Be1 Rxb2 29. a3 Be7 30. Bh5 c4 31. Bf7 Rd8 32. Be6 Rb3 33. Ke2 Rxa3 34. Rxa3 Bxa3 35. Bh4 Rd6 36. Bf7 Rh6 37. Bg5 Rh2+ 38. Kd1 h6 39. Bd8 b5 40. Bxd5 Bb2 41. f6 gxf6 42. Bxf6+ Kh7 43. Bxe4+ Kg8 44. Bd5+ Kf8 45. Be5 a3 46. f5 a2 47. Bxh2 a1Q+ 48. Ke2 Ba3 49. Bf4 Qxc3 50. Bxh6+ Ke7 51. Bg5+ Kd6 52. Be6 Qd3+ 53. Kf2 Qd2+ 54. Kf3 c3 55. Bf4+ Kc6 56. d5+ Kb6 57. e4 Qxf4+ 58. Kxf4 c2 59. f6 c1Q+ 60. Kf5 Qf1+ 61. Kg6 Qg2+ 62. Kf5 Qf3+ 63. Kg5 Bc1+ 64. Kg6 Qxe4+ 65. Kf7 Bg5 66. Kg7 Qe5 67. Kh7 Qxf6 68. d6 Bh6 69. d7 Qg7# 0-1

[Event "American Continental 16th"]
[Site "San Salvador"]
[Date "2022.05.03"]
[Round "3"]
[White "Melendez, Manuel A"]
[Black "Ibarra, Alex"]
[Result "1-0"]
[WhiteElo "1955"]
[BlackElo "1439"]
[PlyCount "59"]
[EventDate "2022.05.02"]
[EventType "swiss"]
[EventRounds "11"]
[EventCountry "ESA"]
[SourceTitle "CBM 208 Extra"]
[Source "ChessBase"]
[SourceDate "2022.07.31"]
[SourceVersion "1"]
[SourceVersionDate "2022.07.31"]
[SourceQuality "1"]

1. e4 c5 2. Nc3 Nc6 3. f4 g6 4. Nf3 Bg7 5. Bc4 e6 6. 0-0 Nge7 7. Bb3 0-0 8. d3 d5 9. Qe1 a6 10. f5 d4 11. f6 Bxf6 12. e5 Bg7 13. Ne4 b6 14. Bg5 Qc7 15. Nf6+ Kh8 16. Qh4 h5 17. g4 Nf5 18. gxf5 exf5 19. Nd5 Qb8 20. Bf6 Bb7 21. Qg5 Kh7 22. Rad1 Bh6 23. Qh4 Na5 24. Ng5+ Bxg5 25. Bxg5 Nxb3 26. Nf6+ Kg7 27. Nxh5+ gxh5 28. Bf6+ Kh6 29. Qg5+ Kh7 30. Qg7# 1-0

[Event "Caribbean-ch U14"]
[Site "San Salvador"]
[Date "2021.11.27"]
[Round "8"]
[White "Barrantes Granados, Ian Daniel"]
[Black "Ibarra, Alex"]
[Result "0-1"]
[WhiteElo "1161"]
[BlackElo "1457"]
[PlyCount "128"]
[EventDate "2021.11.27"]
[EventType "swiss"]
[EventRounds "9"]
[EventCountry "ESA"]
[SourceTitle "EXT 2023"]
[Source "ChessBase"]
[SourceDate "2022.10.05"]
[SourceVersion "1"]
[SourceVersionDate "2022.10.05"]
[SourceQuality "1"]
[WhiteTeam "Costa Rica"]
[BlackTeam "El Salvador"]
[WhiteTeamCountry "CRI"]
[BlackTeamCountry "ESA"]

1. e4 c5 2. Nf3 Nc6 3. d4 cxd4 4. Nxd4 g6 5. Nc3 Bg7 6. Be3 Nf6 7. Nxc6 bxc6 8. e5 Nd5 9. Nxd5 cxd5 10. Qxd5 Rb8 11. Bc4 0-0 12. 0-0 Bb7 13. Qd3 Bxe5 14. Bd4 Bxd4 15. Qxd4 d5 16. Bb3 Qb6 17. Qxb6 axb6 18. Rfe1 e6 19. Re5 Rfc8 20. c3 Ba6 21. h4 Bc4 22. h5 Bxb3 23. axb3 Ra8 24. Rxa8 Rxa8 25. c4 Ra5 26. h6 dxc4 27. Rxa5 bxa5 28. bxc4 Kf8 29. Kf1 Ke7 30. Ke2 Kd6 31. Kd3 Kc5 32. b3 f6 33. Ke4 Kb4 34. Kd4 Kxb3 35. c5 a4 36. c6 a3 37. c7 a2 38. c8Q a1Q+ 39. Kd3 Qb1+ 40. Ke3 Qe1+ 41. Kf3 Qc3+ 42. Qxc3+ Kxc3 43. g4 Kd3 44. g5 f5 45. Kf4 Kd4 46. Kg3 e5 47. Kf3 e4+ 48. Kf4 Kd3 49. Ke5 e3 50. fxe3 Kxe3 51. Kf6 f4 52. Kg7 f3 53. Kxh7 f2 54. Kxg6 f1Q 55. h7 Qa6+ 56. Kg7 Qb7+ 57. Kh6 Qh1+ 58. Kg6 Kf4 59. Kg7 Qb7+ 60. Kh6 Qh1+ 61. Kg7 Qa1+ 62. Kh6 Kf5 63. g6 Qf6 64. h8N Qxh8# 0-1

[Event "Caribbean-ch U14"]
[Site "San Salvador"]
[Date "2021.11.27"]
[Round "1"]
[White "Ibarra, Alex"]
[Black "Terence, Melvin"]
[Result "1-0"]
[WhiteElo "1457"]
[BlackElo "1125"]
[PlyCount "67"]
[EventDate "2021.11.27"]
[EventType "swiss"]
[EventRounds "9"]
[EventCountry "ESA"]
[SourceTitle "EXT 2023"]
[Source "ChessBase"]
[SourceDate "2022.10.05"]
[SourceVersion "1"]
[SourceVersionDate "2022.10.05"]
[SourceQuality "1"]
[WhiteTeam "El Salvador"]
[BlackTeam "Barbados"]
[WhiteTeamCountry "ESA"]
[BlackTeamCountry "BAR"]

1. d4 d5 2. e3 Nf6 3. f4 Bg4 4. Nf3 c5 5. c3 Nc6 6. Bd3 e6 7. 0-0 Bd6 8. Qe1 0-0 9. Ne5 h6 10. Nd2 Bf5 11. Bxf5 exf5 12. Rf3 Ne4 13. Rh3 Re8 14. Nxe4 fxe4 15. Qg3 Qf6 16. Ng4 Qg6 17. dxc5 Bxc5 18. f5 Qg5 19. Rh5 Bd6 20. Nxh6+ gxh6 21. Rxg5+ hxg5 22. Qxd6 Kg7 23. b3 Rad8 24. f6+ Kg6 25. Qg3 Kxf6 26. Bb2 Kg6 27. Rf1 Re6 28. Qg4 Ne5 29. Qf5+ Kh6 30. c4 Nd3 31. Qxf7 Red6 32. Bg7+ Kh7 33. Bf8+ Kh8 34. Qg7# 1-0

[Event "Pan American-ch Hybrid U14 31st"]
[Site "Tornelo INT"]
[Date "2021.09.04"]
[Round "3"]
[White "Ibarra, Alex"]
[Black "Limpias Quenta, Juan Marco"]
[Result "1/2-1/2"]
[WhiteElo "1524"]
[BlackElo "1282"]
[PlyCount "157"]
[EventDate "2021.09.04"]
[EventType "swiss"]
[EventRounds "9"]
[EventCountry "NET"]
[SourceTitle "EXT 2023"]
[Source "ChessBase"]
[SourceDate "2022.10.05"]
[SourceVersion "1"]
[SourceVersionDate "2022.10.05"]
[SourceQuality "1"]

1. d4 Nf6 2. e3 g6 3. f4 Bg7 4. Nf3 0-0 5. Bd3 d6 6. 0-0 c5 7. c3 Nc6 8. Nbd2 Nd5 9. Ne4 f5 10. Neg5 h6 11. Bc4 e6 12. Nh3 a6 13. Nf2 Nf6 14. Bd2 Ne4 15. Bd3 Nxf2 16. Rxf2 b5 17. Be1 c4 18. Bc2 d5 19. Ne5 Bxe5 20. fxe5 Bd7 21. Qe2 Qe7 22. g4 Kh7 23. Rg2 Rg8 24. h4 Rg7 25. g5 h5 26. b3 Rb8 27. Bd1 Qf8 28. Bg3 Qa3 29. Qb2 Qxb2 30. Rxb2 Rgg8 31. bxc4 bxc4 32. Rab1 Rxb2 33. Rxb2 Rb8 34. Rxb8 Nxb8 35. Be1 Kg7 36. Bd2 Kf7 37. Bc1 Ke7 38. Ba3+ Kd8 39. Bd6 Nc6 40. Kf2 Na7 41. Ke1 Nb5 42. Bb4 Kc7 43. Kd2 Kb6 44. Bc5+ Kb7 45. Bb4 Nc7 46. Bd6 Ne8 47. Bf8 a5 48. Bxh5 gxh5 49. g6 Kc6 50. g7 Nxg7 51. Bxg7 Be8 52. Ke2 f4 53. exf4 Bg6 54. Bf8 Kb5 55. Kd2 Bb1 56. a3 a4 57. Ke3 Kc6 58. Kf2 Kd7 59. Kg3 Ke8 60. Bh6 Kf7 61. Bg5 Kg6 62. Bf6 Kf5 63. Be7 Ke4 64. Bb4 Ke3 65. Bc5 Bf5 66. Bb4 Kd2 67. Kf2 Kd3 68. Kf3 Bg4+ 69. Kf2 Ke4 70. Kg3 Ke3 71. Ba5 Bf5 72. Bb4 Ke2 73. Ba5 Kd1 74. Bb4 Kc2 75. Kf2 Kd3 76. Kf3 Be4+ 77. Kf2 Kd2 78. Kg3 Ke3 79. Ba5 1/2-1/2

[Event "Wch FIDE Online U14 America qual"]
[Site "Tornelo INT"]
[Date "2020.12.03"]
[Round "5"]
[White "Srinivasan, Hemant"]
[Black "Ibarra, Alex"]
[Result "1-0"]
[WhiteElo "1717"]
[BlackElo "1524"]
[PlyCount "97"]
[EventDate "2020.12.01"]
[EventType "swiss (rapid)"]
[EventRounds "7"]
[EventCountry "ISS"]
[SourceTitle "EXT 2022"]
[Source "ChessBase"]
[SourceDate "2021.10.06"]
[SourceVersion "1"]
[SourceVersionDate "2021.10.06"]
[SourceQuality "1"]

1. d4 d5 2. c4 e6 3. Nc3 Nf6 4. Nf3 Be7 5. Bg5 0-0 6. e3 h6 7. Bh4 b6 8. Bd3 Nbd7 9. 0-0 Bb7 10. Rc1 c5 11. Qe2 Rc8 12. Rfd1 dxc4 13. Bxc4 Nd5 14. Bxe7 Qxe7 15. e4 Nxc3 16. bxc3 Nf6 17. Bd3 c4 18. Bb1 b5 19. Qc2 g6 20. e5 Nd5 21. Nd2 Qg5 22. Ne4 Qh5 23. Re1 Kg7 24. Nd6 Ba8 25. Nxc8 Qg5 26. Nd6 Nb4 27. f4 Nxc2 28. fxg5 Nxe1 29. gxh6+ Kxh6 30. Rxe1 Kg7 31. Be4 Bxe4 32. Rxe4 a5 33. Nxb5 Rb8 34. a4 Rb6 35. h3 g5 36. Rg4 Kg6 37. h4 Kh5 38. Rxg5+ Kxh4 39. Rg7 Rb7 40. Kh2 Kh5 41. Nd6 Rb3 42. Ne4 Rb7 43. Kg3 Kh6 44. Rg4 Rb3 45. Kh4 Ra3 46. Rg8 Kh7 47. Nf6+ Kh6 48. g4 Rxc3 49. g5# 1-0

[Event "Wch FIDE Online U14 America qual"]
[Site "Tornelo INT"]
[Date "2020.12.01"]
[Round "1"]
[White "Ibarra, Alex"]
[Black "Chavez Duero, Brayan Steven"]
[Result "0-1"]
[WhiteElo "1524"]
[BlackElo "1879"]
[PlyCount "84"]
[EventDate "2020.12.01"]
[EventType "swiss (rapid)"]
[EventRounds "7"]
[EventCountry "ISS"]
[SourceTitle "EXT 2022"]
[Source "ChessBase"]
[SourceDate "2021.10.06"]
[SourceVersion "1"]
[SourceVersionDate "2021.10.06"]
[SourceQuality "1"]

1. e4 c5 2. Nc3 g6 3. g3 Nc6 4. Bg2 Bg7 5. d3 d6 6. Be3 e6 7. f4 Nge7 8. Nf3 0-0 9. 0-0 Rb8 10. Rb1 b5 11. Ne2 a5 12. c3 a4 13. d4 c4 14. a3 Na5 15. e5 Bb7 16. Qc2 Qc7 17. Rbd1 Nf5 18. Bf2 Bd5 19. Rfe1 Qb7 20. Nh4 Nxh4 21. Bxd5 Qxd5 22. gxh4 Nc6 23. Bg3 Ne7 24. exd6 Nf5 25. Nc1 Qxd6 26. Qe4 Bf6 27. d5 Bxh4 28. dxe6 Qxe6 29. Qxe6 fxe6 30. Rxe6 Bxg3 31. hxg3 Nxg3 32. Kg2 Nh5 33. Re7 Nxf4+ 34. Kh2 Rbe8 35. Rb7 Rf7 36. Rxb5 Re3 37. Rb8+ Kg7 38. Rbd8 Rh3+ 39. Kg1 Rg3+ 40. Kh1 Rf5 41. R8d7+ Kh6 42. R1d4 Rh5# 0-1